000 00688nam a2200277 a 4500
003 AR-BaBNM
005 20251128210421.0
008 082120s2002 ||||||||||||||000 | spa||
020 _a950-511-510-5
040 _cAR-BaBNM
245 0 0 _aPiropos
_bamor versero
250 _a1ª ed.
260 _aBuenos Aires
_bAlfaguara
_c1999
300 _a62 p.
_bil.
490 0 _aFaltó el profe
650 4 _aLITERATURA INFANTIL
650 4 _aLIBROS PARA NIÑOS
650 4 _aHUMOR
650 4 _aLITERATURA POPULAR
650 4 _aTRADICION ORAL
655 _aLITERATURA
700 1 _aSilveyra, Carlos
_ecompilador
700 0 _aBianki
_eilustrador
942 _cBK
998 _cMARTIN
999 _c15388
_d15388